Discover your power quotient / (Record no. 42708)

MARC details
000 -LEADER
fixed length control field 00608nam a22001937a 4500
005 - DATE AND TIME OF LATEST TRANSACTION
control field 20100820142312.0
010 ## - LCCN (DPL NO)
LC control number ENG-101113
020 ## - INTERNATIONAL STANDARD BOOK NUMBER
International Standard Book Number 9788170288503
Terms of availability 125.00
035 ## - SYSTEM CONTROL NUMBER
System control number EN-84646
037 ## - SOURCE OF ACQUISITION
Source of stock number/acquisition DBAD/PUB
082 ## - DEWEY DECIMAL CLASSIFICATION NUMBER
Classification number 153
100 ## - MAIN ENTRY--PERSONAL NAME
Personal name Rajan,Y S
245 ## - TITLE STATEMENT
Title Discover your power quotient /
Statement of responsibility, etc by Y S Rajan
260 ## - PUBLICATION, DISTRIBUTION, ETC. (IMPRINT)
Place of publication, distribution, etc Delhi
Name of publisher, distributor, etc Rajpal & Sons
Date of publication, distribution, etc 2010
270 ## - ADDRESS
Address Kashmere Gate
City New Delhi
Postal code 110006
300 ## - PHYSICAL DESCRIPTION
Extent xi,100p
Dimensions 20cm(pbk)
942 ## - ADDED ENTRY ELEMENTS (KOHA)
Source of classification or shelving scheme Dewey Decimal Classification
Item type English Books
Classification part 153
Call number suffix RAJ
Holdings
Withdrawn status Lost status Not for loan Collection code Home library Current library Date acquired Source of acquisition Cost, normal purchase price Full call number Barcode Copy number Cost, replacement price Koha item type
    Not For Loan Non-fiction D.B.Act.Division D.B.Act.Division 20/08/2010 DBAD/PUB 125.00 153 RAJ EN-84646 1 125.00 English Books

© Delhi Public Library
Hit Counter
free hit counter